00517nam a2200145Ia 4500008004100000020002200041041000800063082002100071100002500092245002000117260004000137300000900177999001900186952016600205230411s9999 xx 000 0 und d a978-81-8498-142-1 aeng aX/891/VIR/B06652 aVirani Pinky9179235 aArunachi Goshta bMehata Publishing HouseaPunec2010 a206p c157018d157018 001040708XaBTINbBTINd2011-03-11eShubham Sahitya Puneg180.00i4074l0oX 891 VIR B06652pBTIN-BK-6652r2023-04-11 00:00:00v135.00w2011-03-11yBKzB06652